Регионална библиотека "Любен Каравелов" - Русе

Хей, дядо готин! (Запис номер 348491)

MARC детайли
000 -Лидер
Контролно поле с фиксирана дължина 00882nam a22002657a 4500
003 - Код на организацията, давaща контролен номер
Контролно поле BLK
005 - Дата и час на последна редакция
Контролно поле 20250728182220.0
008 - Елементи от данни с фиксирана дължина
fixed length control field 200210b bu ||||| |||| 00| 0 bu d
020 ## - Международен стандартен номер на книга ISBN
Международен стандартен номер на книга ISBN 9789542829225
040 ## - Източник на каталожния запис
Идентификатор на билиотеката - собственик на записа BLK
041 ## - Код за език
Код за езика на текст/звукозапис или на отделно заглавие Български
Код за езика КДБФ Български
080 ## - УДК
Текстов определител УДК Американска литература (на САЩ)
УДК код - определител по УДК 821.111(73)
УДК определител -94
УДК - код + определител 821.111(73)-93-94
100 ## - Редна дума - Автор
Автор Макартни, Пол
Авторска отговорност първи автор
R(LIN) 1299
139 ## - Редно поле
Редна дума Макартни, Пол
Авторски знак Мак - М 19
245 ## - Сведения за заглавието
Заглавие Хей, дядо готин!
Редно поле (дума) Пол Макартни, ил. Катрин Дърст
260 ## - Област на издателските данни
9 (RLIN) 217021
Място на издаване, разпространение и проч. София
Име на издателя, разпространителя и проч. Сиела Норма
Година на издаване 2019
Издателство - префикс ISBN 978-954-28-
300 ## - Физическа характеристика
Страници 32 с.
Размери/Мащаб 30 см
380 ## - Жанр
Жанр Детска худож. лит.
852 ## - Местоположение
Фондова буква Детски отдел
Систематично-азбучна сигнатура ДХ 820/899/М 19
856 ## - Електронен адрес и достъп
Инструкция (цена за достъп) 0.00
Права за достъп disable
999 ## - СИСТЕМНИ КОНТРОЛНИ НОМЕРА
Koha biblionumber 348491
Koha biblioitemnumber 348491
942 ## - АРТИКУЛИ
Вид на библиотечния материал Книги
Скрит в OPAC Не
Периодичен библиозапис Да
Koha issues (borrowed), all copies 67
999 ## - СИСТЕМНИ КОНТРОЛНИ НОМЕРА
Koha biblioitemnumber 348491
999 ## - СИСТЕМНИ КОНТРОЛНИ НОМЕРА
Koha biblioitemnumber 348491
944 ## - СЪЗДАВАНЕ И РЕДАКЦИЯ на ЗАПИСА
Служител, извършил регистрацията/редакцията 30564
Статус, дата на статуса Анна Гръцманова
Наличности
Код за отписване Код за изгубен артикул Източник на класификационната схема Код за повреда Код за отдаване Артикулен № Име на библиотеката - собственик Име на библиотеката, в която се намира в момента Статус (Текущо местоположение) Дата на вписване в системата Местоположение - отдел Цена в лева Систематично азбучна сигнатура Баркод Цена в евро Служебен тип на артикула
  Не е изгубен Universal Decimal Classification Не е повреден заемане за дома 755680 Регионална библиотека "Любен Каравелов" Русе Регионална библиотека "Любен Каравелов" Русе Детски отдел 2020-02-15 Детски отдел 11.25 ДХ 820/899/М 19 120000842568 5.75 Книги
  Не е изгубен Universal Decimal Classification Не е повреден заемане за дома 755681 Регионална библиотека "Любен Каравелов" Русе Регионална библиотека "Любен Каравелов" Русе Детски отдел 2020-02-15 Детски отдел 11.25 ДХ 820/899/М 19 120000842567 5.75 Книги
  Не е изгубен Universal Decimal Classification Не е повреден заемане за дома 755682 Регионална библиотека "Любен Каравелов" Русе Регионална библиотека "Любен Каравелов" Русе Детски отдел 2020-02-15 Детски отдел 11.25 ДХ 820/899/М 19 120000842569 5.75 Книги
Vip Innovations Ltd, Rousse, Bulgaria 2025